Gospodarka turystyczna rynek i konsumpcja uslug turystycznych
Enregistré dans:
| Format: | Livre |
|---|---|
| Langue: | polonais |
| Publié: |
Wroclaw
Akademia ekonomiczna im. Oskara Langego
1982
|
| Collection: | Prace naukowe
nr. 210 |
| Tags: |
Pas de tags, Soyez le premier à ajouter un tag!
|
MARC
| LEADER | 00000nam a2200000 4500 | ||
|---|---|---|---|
| 001 | c129274 | ||
| 005 | 20140515143444.0 | ||
| 041 | 0 | |a pol | |
| 044 | |a PL | ||
| 245 | 1 | 0 | |a Gospodarka turystyczna |b rynek i konsumpcja uslug turystycznych |
| 264 | 1 | |a Wroclaw |b Akademia ekonomiczna im. Oskara Langego |c 1982 | |
| 300 | |a 128 s. | ||
| 490 | 1 | |a Prace naukowe |v nr. 210 | |
| 830 | 0 | |a Prace naukowe |v nr. 210 | |